O kontinuite slovanskej liturgie na Slovensku

Bibliographic Details
Main Authors: Mižak, Tomáš (Author), Potemrová, Mária, 1922-2015 (Author)
Format: Article
Language:Slovak
PhysicalDescription:Obr. 1.
Subjects:

MARC

LEADER 00000nab a2200000 a 4500
001 vtls000242711
003 SK-MaSNL
005 20260426075503.0
008 250422c1986 xo 0 slo
015 |a SNBRB19rr/mm-uuuuu 
035 |a CL0252825 
035 |a urn:nbn:sk:snk-ab1wak 
035 |a (urnnbn)urn:nbn:sk:snk:ar-a0149o 
035 |a (uuid)647fa81e-41a9-484f-ac04-1d4f8782f7f7 
040 |a SNKBUCL  |b slo  |c SNKBUCL  |e AACR2 
041 0 |a slo 
044 |a xo  |c SK 
080 |a 783(437.6)(091)  |2 1981 
100 1 |a Mižak, Tomáš  |4 aut  |9 783640 
245 1 0 |a O kontinuite slovanskej liturgie na Slovensku  |c Tomáš Mižák, Mária Potemrová 
300 |b Obr. 1. 
500 |a (Dokončenie.) 
650 0 7 |a cirkevná hudba  |2 snkbucl  |9 1748 
650 0 7 |a feudalizmus  |2 snkbucl  |9 4441 
651 7 |a Slovensko  |2 snkbucl  |9 14231 
655 7 |a články z novín a časopisov  |2 snkbucl  |9 267496 
700 1 |a Potemrová, Mária,  |d 1922-2015  |4 aut  |9 185294 
773 0 |t Hudobný život  |g Roč. 18, č. 4 (1986), s. 8 
850 |a Slovenská národná knižnica 
852 |a Slovenská národná knižnica 
954 |a odborná, vedecká literatúra pôvodná (slovenská)  |2 lita 
958 |a article27 
958 |a OND 
958 |a RK 
958 |a EUIPO 
992 |a RBX 
999 |c 2774875  |d 2776805